000 00631nam a2200193Ia 4500
008 151121s9999||||xx |||||||||||||| ||und||
082 _a801।951/ निकुम्ब
082 _bHNW-70678
100 _aनिकुम्ब कृष्ण बलवंत
245 _aपारख
260 _b"मॅजेस्टिक प्रकाशन,मुंबई।"
260 _c--
300 _a182
600 _aनिकुम्ब कृष्ण बलवंत
630 _aपारख
700 _aनिकुम्ब कृष्ण बलवंत
730 _aपारख
942 _cBOOK
999 _c1252152
_d1252149